| 000 | 00593nam a2200205 i 4500 | ||
|---|---|---|---|
| 001 | bgj | ||
| 100 | 1 |
_aCONRAD, Joseph _d(1857-1924). |
|
| 245 | 1 | 0 |
_aThree Short Novels / _cby Joseph Conrad ; with an introduction by Edward Weeks. |
| 250 | _a[15th print.]. | ||
| 260 |
_aNew York : _bBantam Books, _c1971. |
||
| 300 |
_aXVI, 206 pp ; _c18 cm. |
||
| 490 | 1 | _aBantam Literature | |
| 650 | 9 |
_aShort stories _y20th century |
|
| 700 | 1 |
_aWEEKS, Edward. _eintrod. |
|
| 830 | _aBantam Literature | ||
| 040 | _cBPK | ||
| 041 | 0 | _aeng | |
| 942 | _cKS | ||
| 008 | s uk f |000 0 eng | ||
| 999 |
_c47959 _d47959 |
||
| 856 |
_uhttp://koha.tu.koszalin.pl/cgi-bin/koha/opac-detail.pl?biblionumber=47959 _yKatalog online BPK |
||